[Event "25. Copenhagen Open  (Politiken Cup)"]
[Site "Copenhagen"]
[Date "2003.07.14"]
[Round "1"]
[White "Udmark, Jonas"]
[Black "Houska, Jovanka"]
[Result "0-1"]
[WhiteElo "1964"]
[BlackElo "2350"]
[PlyCount "124"]
[EventDate "2003.07.14"]
[EventType "swiss"]
[EventRounds "11"]
[EventCountry "DEN"]
[SourceDate "2004.01.01"]

1. d4 d5 2. Nf3 Nf6 3. c4 c6 4. Nc3 a6 5. cxd5 cxd5 6. Bf4 Nc6 7. e3 Bg4 8. Be2
Bxf3 9. Bxf3 e6 10. O-O Be7 11. a3 Rc8 12. Qa4 O-O 13. Rfc1 Nd7 14. e4 Nb6 15.
Qd1 dxe4 16. Bxe4 f5 17. Bf3 Qxd4 18. Qxd4 Nxd4 19. Bxb7 Nb3 20. Bxc8 Rxc8 21.
Rab1 Nxc1 22. Rxc1 Bf6 23. Nd1 Rc4 24. Rxc4 Nxc4 25. Bc1 Ne5 26. b4 Nd3 27. Bd2
Kf7 28. Kf1 e5 29. f3 Ke6 30. Ke2 e4 31. fxe4 fxe4 32. Nf2 Nxf2 33. Kxf2 Kd5
34. Ke2 Kc4 35. g3 Kb3 36. Bc1 Bc3 37. g4 Kc2 38. Be3 Kb3 39. Bc1 g6 40. h3 Bf6
41. Kd1 Bd4 42. Ke2 Kc2 43. Bf4 Bc3 44. Ke3 Kb3 45. Kxe4 Kxa3 46. h4 Kxb4 47.
Kd5 a5 48. Ke6 a4 49. Kf7 Kc5 50. Bc1 Kc4 51. Kg8 Kb3 52. Kxh7 Bb2 53. Bxb2
Kxb2 54. Kxg6 a3 55. h5 a2 56. h6 a1=Q 57. g5 Kc3 58. Kg7 Kd3+ 59. Kg8 Qa8+ 60.
Kg7 Qb7+ 61. Kg8 Qd5+ 62. Kf8 Qf5+ 0-1

[Event "25. Copenhagen Open  (Politiken Cup)"]
[Site "Copenhagen"]
[Date "2003.07.14"]
[Round "1"]
[White "Unmack, Christian"]
[Black "Hansen, Erik Friberg"]
[Result "1-0"]
[WhiteElo "2085"]
[BlackElo "1220"]
[PlyCount "113"]
[EventDate "2003.07.14"]
[EventType "swiss"]
[EventRounds "11"]
[EventCountry "DEN"]
[SourceDate "2004.01.01"]

1. d4 d5 2. c4 e6 3. Nc3 Bb4 4. cxd5 exd5 5. a3 Bxc3+ 6. bxc3 Nf6 7. e3 Bf5 8.
f3 O-O 9. Ne2 h6 10. g4 Bh7 11. h4 Nfd7 12. Nf4 c6 13. Ra2 Re8 14. Rg2 g6 15.
g5 h5 16. Bd3 Nf8 17. O-O Nbd7 18. e4 Ne6 19. exd5 Nxf4 20. Bxf4 cxd5 21. Qb3
Nb6 22. Be5 Rc8 23. Re2 Re6 24. Rfe1 a6 25. Re3 Qd7 26. Bf1 Nc4 27. R3e2 Nxe5
28. Rxe5 Rxe5 29. Rxe5 b5 30. Qb4 Rd8 31. Kh2 Qd6 32. f4 Qxb4 33. cxb4 Kg7 34.
Bh3 Bg8 35. Kg3 Rd6 36. Kf3 f6 37. Re7+ Kf8 38. gxf6 Rxf6 39. Rc7 Bf7 40. Bc8
Be8 41. Bb7 Rd6 42. Rc5 Bf7 43. Rc6 Rd7 44. Bxa6 Ra7 45. Rb6 Ke7 46. f5 gxf5
47. Kf4 Be6 48. Ke5 Bg8 49. Bxb5 Rxa3 50. Rb7+ Kf8 51. Kf6 Ra8 52. Bd3 Rd8 53.
Bxf5 Rd6+ 54. Ke5 Rd8 55. b5 Ke8 56. Bg6+ Kf8 57. Bxh5 1-0

[Event "25. Copenhagen Open  (Politiken Cup)"]
[Site "Copenhagen"]
[Date "2003.07.14"]
[Round "1"]
[White "Werner, Gert"]
[Black "Bekker Jensen, Dorte"]
[Result "1/2-1/2"]
[WhiteElo "2140"]
[BlackElo "1593"]
[PlyCount "70"]
[EventDate "2003.07.14"]
[EventType "swiss"]
[EventRounds "11"]
[EventCountry "DEN"]
[SourceDate "2004.01.01"]

1. Nf3 Nf6 2. g3 g6 3. Bg2 Bg7 4. c4 d6 5. d4 O-O 6. O-O Nbd7 7. Nc3 e5 8. Bg5
h6 9. Bxf6 Bxf6 10. e3 Nb6 11. b3 Bf5 12. Ne1 c6 13. e4 exd4 14. exf5 dxc3 15.
Qd3 Kg7 16. Rd1 Qe8 17. Nc2 Rd8 18. Rfe1 Qd7 19. Ne3 Rfe8 20. fxg6 fxg6 21. Be4
Qf7 22. h4 h5 23. f4 Nd7 24. b4 Bxh4 25. Bxg6 Qxg6 26. Qxg6+ Kxg6 27. gxh4 Nf6
28. f5+ Kf7 29. Rd3 Re4 30. Rxc3 Rxh4 31. Ng2 Rg4 32. Kh2 Re4 33. Rxe4 Nxe4 34.
Rh3 Rh8 35. Rh4 Ng5 1/2-1/2

[Event "25. Copenhagen Open  (Politiken Cup)"]
[Site "Copenhagen"]
[Date "2003.07.15"]
[Round "2"]
[White "Aabling Thomsen, Jakob"]
[Black "Michelakis, George"]
[Result "0-1"]
[WhiteElo "2158"]
[BlackElo "2405"]
[PlyCount "52"]
[EventDate "2003.07.14"]
[EventType "swiss"]
[EventRounds "11"]
[EventCountry "DEN"]
[SourceDate "2004.01.01"]

1. e4 c5 2. Nf3 Nc6 3. d4 cxd4 4. Nxd4 Nf6 5. Nc3 e5 6. Ndb5 d6 7. Bg5 a6 8.
Na3 b5 9. Bxf6 gxf6 10. Nd5 f5 11. Bxb5 axb5 12. Nxb5 Ra4 13. Nbc7+ Kd7 14. O-O
Rxe4 15. Qh5 Ne7 16. Qxf7 Kc6 17. c4 Rg8 18. Nb5 Rg7 19. Nxe7+ Qxe7 20. Qd5+
Kb6 21. c5+ dxc5 22. f3 Re2 23. Rf2 Rxf2 24. Kxf2 Kxb5 25. a4+ Kb6 26. a5+ Ka7
0-1

[Event "25. Copenhagen Open  (Politiken Cup)"]
[Site "Copenhagen"]
[Date "2003.07.15"]
[Round "2"]
[White "Adamski, Jan"]
[Black "Bering, Anders"]
[Result "1-0"]
[WhiteElo "2335"]
[BlackElo "2101"]
[PlyCount "53"]
[EventDate "2003.07.14"]
[EventType "swiss"]
[EventRounds "11"]
[EventCountry "DEN"]
[SourceDate "2004.01.01"]

1. c4 Nf6 2. Nf3 e6 3. g3 d5 4. Bg2 dxc4 5. Qa4+ Nbd7 6. Qxc4 a6 7. Qc2 Rb8 8.
a4 b5 9. O-O Bb7 10. d3 c5 11. Bf4 Rc8 12. axb5 axb5 13. Na3 Qb6 14. Qb3 Bc6
15. Ne5 Nxe5 16. Bxe5 Bxg2 17. Kxg2 b4 18. Qa4+ Nd7 19. Nc4 Qc6+ 20. Qxc6 Rxc6
21. Ra8+ Ke7 22. Rfa1 f6 23. R1a7 fxe5 24. Rb7 g6 25. Raa7 Bh6 26. Rxd7+ Kf6
27. Rf7+ 1-0

[Event "25. Copenhagen Open  (Politiken Cup)"]
[Site "Copenhagen"]
[Date "2003.07.15"]
[Round "2"]
[White "Agustsson, Hafsteinn"]
[Black "Gregusson, Magnus Albert"]
[Result "1/2-1/2"]
[WhiteElo "1929"]
[BlackElo "1500"]
[PlyCount "103"]
[EventDate "2003.07.14"]
[EventType "swiss"]
[EventRounds "11"]
[EventCountry "DEN"]
[SourceDate "2004.01.01"]

1. e4 e5 2. Nf3 Nc6 3. Bb5 a6 4. Ba4 Bc5 5. O-O Nge7 6. Nxe5 Nxe5 7. d4 b5 8.
Bb3 Bb6 9. dxe5 Bb7 10. Qf3 O-O 11. Bg5 c5 12. Bd5 Bxd5 13. exd5 Qe8 14. Nd2
Ng6 15. Rfe1 Nxe5 16. Qg3 f6 17. f4 c4+ 18. Kh1 fxg5 19. Qxg5 Qf7 20. Rxe5 Qxf4
21. Qxf4 Rxf4 22. Nf3 d6 23. Re6 Bc5 24. Rae1 Rf5 25. Rd1 Kf7 26. Re4 Re8 27.
Ng5+ Rxg5 28. Rf1+ Kg6 29. Rxe8 Rxd5 30. h3 Rd2 31. Rc1 Kf7 32. Ra8 Bd4 33. c3
Bc5 34. Rb1 b4 35. cxb4 Bxb4 36. Rxa6 d5 37. a3 Bc5 38. Rc6 Bd4 39. Rc7+ Ke6
40. Rb7 Kd6 41. a4 Kc6 42. Rb8 Be5 43. Rb4 Bd6 44. Rb5 d4 45. Rc1 Kd7 46. Kg1
d3 47. Rb7+ Kd8 48. Rxg7 Rc2 49. Rd1 Rxb2 50. Rg4 Bc5+ 51. Kf1 Rf2+ 52. Ke1
1/2-1/2

[Event "25. Copenhagen Open  (Politiken Cup)"]
[Site "Copenhagen"]
[Date "2003.07.15"]
[Round "2"]
[White "Anders, Maik"]
[Black "Duijker, Bert"]
[Result "1/2-1/2"]
[WhiteElo "1558"]
[BlackElo "2018"]
[PlyCount "85"]
[EventDate "2003.07.14"]
[EventType "swiss"]
[EventRounds "11"]
[EventCountry "DEN"]
[SourceDate "2004.01.01"]

1. Nf3 f5 2. d4 g6 3. c4 Bg7 4. g3 Nf6 5. Nc3 d6 6. Bg2 O-O 7. O-O Qe8 8. Re1
e5 9. dxe5 dxe5 10. Nd5 Na6 11. b3 c6 12. Nxf6+ Bxf6 13. Bb2 e4 14. Bxf6 Rxf6
15. Ng5 Qe7 16. Qc2 Rd6 17. Nh3 Be6 18. Rad1 Rad8 19. Rxd6 Qxd6 20. Ng5 Bf7 21.
f4 Qd4+ 22. e3 Qd2 23. Re2 Qxc2 24. Rxc2 Nb4 25. Rc1 Nxa2 26. Ra1 Rd2 27. g4 a6
28. gxf5 gxf5 29. Bh3 Bg6 30. Ne6 Kf7 31. Nc5 Nc3 32. Nxb7 Rd1+ 33. Rxd1 Nxd1
34. Nd8+ Ke7 35. Nxc6+ Kd6 36. Nd4 Nxe3 37. Kf2 Ng4+ 38. Kg3 h5 39. b4 Ne3 40.
c5+ Kd5 41. c6 Kd6 42. Kf2 Ng4+ 43. Kg3 1/2-1/2

[Event "25. Copenhagen Open  (Politiken Cup)"]
[Site "Copenhagen"]
[Date "2003.07.15"]
[Round "2"]
[White "Andersen, Bjarne Hjorth"]
[Black "Larsen, Alex"]
[Result "1-0"]
[WhiteElo "1807"]
[BlackElo "1305"]
[PlyCount "79"]
[EventDate "2003.07.14"]
[EventType "swiss"]
[EventRounds "11"]
[EventCountry "DEN"]
[SourceDate "2004.01.01"]

1. e4 Nc6 2. d4 d6 3. h3 Nf6 4. Nc3 a6 5. Nf3 h6 6. Be3 e6 7. Qd2 d5 8. exd5
exd5 9. Bd3 Bb4 10. a3 Bxc3 11. Qxc3 Be6 12. O-O Qd7 13. Rfe1 Kd8 14. Rad1 Bxh3
15. gxh3 Qxh3 16. Nh2 Ng4 17. Nxg4 Qxg4+ 18. Kf1 h5 19. Be2 Qh3+ 20. Kg1 Kd7
21. Bf4 Qxc3 22. bxc3 Rae8 23. Bf3 Ne7 24. Bd2 c6 25. Re2 Nf5 26. Rxe8 Kxe8 27.
Re1+ Kd7 28. Bg2 Nd6 29. Bh3+ f5 30. Bf4 g6 31. Bxd6 Kxd6 32. f4 b5 33. Kf2 Rc8
34. Rg1 Kc7 35. Rxg6 Kb6 36. Rg5 Re8 37. Rxf5 c5 38. Rxd5 cxd4 39. Rxd4 Rc8 40.
Bxc8 1-0

[Event "25. Copenhagen Open  (Politiken Cup)"]
[Site "Copenhagen"]
[Date "2003.07.15"]
[Round "2"]
[White "Andersson, Christin"]
[Black "Christensen, Tobias"]
[Result "0-1"]
[WhiteElo "2149"]
[BlackElo "2371"]
[PlyCount "92"]
[EventDate "2003.07.14"]
[EventType "swiss"]
[EventRounds "11"]
[EventCountry "DEN"]
[SourceDate "2004.01.01"]

1. e4 d5 2. exd5 Nf6 3. Nc3 Nxd5 4. Bc4 c6 5. Qf3 Nf6 6. Ne4 Qa5 7. Nxf6+ exf6
8. Qb3 Qc7 9. d4 Bd6 10. Nf3 O-O 11. O-O Bf5 12. h3 Qb6 13. Qxb6 axb6 14. c3 b5
15. Bb3 Nd7 16. Be3 Nb6 17. Rfe1 Be6 18. Nd2 f5 19. Bxe6 fxe6 20. Nf3 Rfe8 21.
Re2 Nd5 22. Bd2 h6 23. a3 Kf7 24. Rae1 Re7 25. g4 Rae8 26. Ne5+ Bxe5 27. Rxe5
Nf6 28. f3 Nd7 29. R5e3 e5 30. dxe5 Nxe5 31. Kf2 f4 32. Rxe5 Rxe5 33. Rxe5 Rxe5
34. Bxf4 Re8 35. Be3 Ke6 36. Ke2 Kd5 37. Kd3 g5 38. f4 gxf4 39. Bxf4 Rf8 40.
Ke3 Rh8 41. h4 Kc4 42. Be5 Rg8 43. Kf3 Kb3 44. g5 hxg5 45. h5 g4+ 46. Kg3 Rg5
0-1

[Event "25. Copenhagen Open  (Politiken Cup)"]
[Site "Copenhagen"]
[Date "2003.07.15"]
[Round "2"]
[White "Auchenberg, Einar"]
[Black "Tandrup, Michael"]
[Result "0-1"]
[WhiteElo "1549"]
[BlackElo "1984"]
[PlyCount "58"]
[EventDate "2003.07.14"]
[EventType "swiss"]
[EventRounds "11"]
[EventCountry "DEN"]
[SourceDate "2004.01.01"]

1. d4 Nf6 2. Nc3 d5 3. Bg5 Nbd7 4. f3 c6 5. e4 dxe4 6. fxe4 Qa5 7. Nf3 Nxe4 8.
Bd2 Nxd2 9. Qxd2 Nf6 10. Bc4 e6 11. O-O Be7 12. Rae1 O-O 13. Re5 Qc7 14. Rg5 b5
15. Bd3 b4 16. Rxg7+ Kxg7 17. Qg5+ Kh8 18. Ne5 Ng8 19. Qh5 f5 20. Ng6+ Kg7 21.
Nxf8 Kxf8 22. Ne4 Bf6 23. Nxf6 Nxf6 24. Qf3 Qd6 25. c3 Rb8 26. g4 bxc3 27. bxc3
Rb2 28. Qh3 Nxg4 29. Qxh7 Rxh2 0-1

[Event "25. Copenhagen Open  (Politiken Cup)"]
[Site "Copenhagen"]
[Date "2003.07.15"]
[Round "2"]
[White "Bekker Jensen, Dorte"]
[Black "Glud, Jakob Vang"]
[Result "0-1"]
[WhiteElo "1593"]
[BlackElo "2173"]
[PlyCount "66"]
[EventDate "2003.07.14"]
[EventType "swiss"]
[EventRounds "11"]
[EventCountry "DEN"]
[SourceDate "2004.01.01"]

1. d4 d5 2. c4 e6 3. Nc3 Be7 4. Nf3 Nf6 5. cxd5 exd5 6. Bg5 O-O 7. e3 Nbd7 8.
Qc2 c6 9. Bd3 Re8 10. O-O g6 11. h3 Nh5 12. Bh6 Ng7 13. Rae1 Nf6 14. e4 dxe4
15. Nxe4 Nxe4 16. Bxe4 Nf5 17. Be3 Nd6 18. Bd3 Bf5 19. Rd1 Qa5 20. a3 Rad8 21.
Rfe1 Bf6 22. Qc3 Qxc3 23. bxc3 Bxd3 24. Rxd3 Nc4 25. Rb1 b6 26. Rb4 Nxa3 27.
Ra4 Nb5 28. c4 Nd6 29. Rxa7 Nxc4 30. Bg5 Bxg5 31. Nxg5 Nd6 32. Rf3 Rf8 33. Rc7
h6 0-1

[Event "25. Copenhagen Open  (Politiken Cup)"]
[Site "Copenhagen"]
[Date "2003.07.15"]
[Round "2"]
[White "Bjerke, Silje"]
[Black "Matthiesen, Martin"]
[Result "0-1"]
[WhiteElo "2093"]
[BlackElo "2260"]
[PlyCount "104"]
[EventDate "2003.07.14"]
[EventType "swiss"]
[EventRounds "11"]
[EventCountry "DEN"]
[SourceDate "2004.01.01"]

1. d4 Nf6 2. c4 g6 3. Nc3 Bg7 4. e4 d6 5. f3 O-O 6. Be3 c5 7. dxc5 dxc5 8. Qxd8
Rxd8 9. Bxc5 Nc6 10. Ba3 a5 11. Rd1 Be6 12. Nd5 Nb4 13. Nxe7+ Kh8 14. Rxd8+
Rxd8 15. Nd5 Nc2+ 16. Kf2 Nxa3 17. bxa3 Nd7 18. Nh3 Bd4+ 19. Kg3 g5 20. Nxg5
Rg8 21. Kf4 h6 22. Nxe6 fxe6 23. Ne7 Rg5 24. g4 Rg7 25. Nc8 Bf2 26. Nd6 Rg8 27.
e5 Rf8+ 28. Nf5 Bb6 29. Bd3 Bc7 30. Ke3 exf5 31. e6 f4+ 32. Kd4 Ne5 33. Be4
Rd8+ 34. Kc3 a4 35. Kb4 Kg7 36. Bd5 Kf6 37. Kxa4 Ra8+ 38. Kb3 Bd6 39. a4 Nd3
40. h4 Nc5+ 41. Kb2 Rxa4 42. g5+ hxg5 43. hxg5+ Kxg5 44. Rh7 Ra8 45. Rf7 Kg6
46. Kb1 Re8 47. Kb2 Re7 48. Rxe7 Bxe7 49. Kc3 Kf6 50. a3 Ke5 51. Kd2 Kd4 52.
Kc2 b5 0-1

[Event "25. Copenhagen Open  (Politiken Cup)"]
[Site "Copenhagen"]
[Date "2003.07.15"]
[Round "2"]
[White "Bjornes, Leif"]
[Black "Hagesaether, Torill"]
[Result "0-1"]
[WhiteElo "1652"]
[BlackElo "2051"]
[PlyCount "44"]
[EventDate "2003.07.14"]
[EventType "swiss"]
[EventRounds "11"]
[EventCountry "DEN"]
[SourceDate "2004.01.01"]

1. d4 d5 2. c4 Nc6 3. cxd5 Qxd5 4. Nf3 e5 5. Nc3 Bb4 6. Bd2 Bxc3 7. Bxc3 e4 8.
Ne5 Nxe5 9. dxe5 Ne7 10. e3 Be6 11. b3 O-O-O 12. Qc2 Qc6 13. Rc1 Rhe8 14. Bb2
Qxc2 15. Rxc2 Bd5 16. Bb5 c6 17. Ke2 Ng6 18. e6 f6 19. b4 Rxe6 20. Bd4 Kb8 21.
Ba4 Ne5 22. Rb1 Bc4+ 0-1

[Event "25. Copenhagen Open  (Politiken Cup)"]
[Site "Copenhagen"]
[Date "2003.07.15"]
[Round "2"]
[White "Busk, Casper"]
[Black "Greger, Roland Reinhard"]
[Result "0-1"]
[WhiteElo "2126"]
[BlackElo "2342"]
[PlyCount "88"]
[EventDate "2003.07.14"]
[EventType "swiss"]
[EventRounds "11"]
[EventCountry "DEN"]
[SourceDate "2004.01.01"]

1. e4 e6 2. d4 d5 3. Nc3 Nf6 4. Bg5 Be7 5. e5 Nfd7 6. Bxe7 Qxe7 7. Qg4 f5 8.
exf6 Nxf6 9. Qg3 c5 10. dxc5 O-O 11. Nf3 Nc6 12. O-O-O Qxc5 13. Bd3 Bd7 14.
Rhe1 Rae8 15. Ne5 Nxe5 16. Rxe5 b5 17. Ne2 Re7 18. Nd4 b4 19. Qh4 g6 20. f3 Nh5
21. g3 Rff7 22. Rde1 Nf4 23. gxf4 Qxd4 24. Qg5 Rg7 25. h4 Ref7 26. h5 Qxf4+ 27.
Kd1 Qxf3+ 28. Be2 h6 29. Qd8+ Rf8 30. Qxd7 Rxd7 31. Bxf3 Rxf3 32. hxg6 h5 33.
Rxh5 Rf6 34. Rhe5 Rd6 35. Rg1 Kg7 36. Reg5 Ra6 37. R1g4 Rxa2 38. Rxb4 Rf2 39.
Ke1 Rxc2 40. Rb7+ Kf6 41. Kd1 Kxg5 42. Kxc2 Kxg6 43. Kd3 Kf6 44. b4 Ke5 0-1

[Event "25. Copenhagen Open  (Politiken Cup)"]
[Site "Copenhagen"]
[Date "2003.07.15"]
[Round "2"]
[White "Bohlke, Christian"]
[Black "Krasenkow, Michal"]
[Result "0-1"]
[WhiteElo "2205"]
[BlackElo "2585"]
[PlyCount "64"]
[EventDate "2003.07.14"]
[EventType "swiss"]
[EventRounds "11"]
[EventCountry "DEN"]
[SourceDate "2004.01.01"]

1. e4 g6 2. d4 Bg7 3. Nc3 d6 4. f4 e6 5. Nf3 Ne7 6. Be2 b6 7. O-O O-O 8. Be3
Bb7 9. Qd2 Nd7 10. Rad1 Nf6 11. e5 Ng4 12. h3 Nxe3 13. Qxe3 Nf5 14. Qf2 f6 15.
g4 Ne7 16. Qh4 Bxf3 17. Bxf3 d5 18. Ne2 g5 19. Qg3 fxe5 20. fxe5 Ng6 21. c4 c6
22. cxd5 cxd5 23. Nc3 b5 24. Be2 Qb6 25. Kh1 a6 26. Rxf8+ Rxf8 27. Bd3 Nh4 28.
Be2 Rf4 29. Qd3 Bxe5 30. dxe5 Qf2 31. Bf1 Nf3 32. Bg2 Qg3 0-1

[Event "25. Copenhagen Open  (Politiken Cup)"]
[Site "Copenhagen"]
[Date "2003.07.15"]
[Round "2"]
[White "Christensen, Bo Garner"]
[Black "Hansen, Jens Martin"]
[Result "1-0"]
[WhiteElo "2273"]
[BlackElo "1731"]
[PlyCount "98"]
[EventDate "2003.07.14"]
[EventType "swiss"]
[EventRounds "11"]
[EventCountry "DEN"]
[SourceDate "2004.01.01"]

1. e4 c6 2. c4 d5 3. cxd5 cxd5 4. exd5 Nf6 5. Qa4+ Nbd7 6. Nc3 g6 7. Bc4 Bg7 8.
Nf3 O-O 9. Qb3 Nc5 10. Qd1 b6 11. Qe2 e6 12. dxe6 Bxe6 13. d4 Bxc4 14. Qxc4
Nce4 15. O-O Rc8 16. Qb3 Nxc3 17. bxc3 Ne4 18. Bb2 Qc7 19. Rac1 Qc4 20. Rfe1 f5
21. Rc2 Rfd8 22. Qxc4+ Rxc4 23. Nd2 Nxd2 24. Rxd2 Kf7 25. Rde2 Rd7 26. g3 Ra4
27. Bc1 Rc4 28. Bd2 Ra4 29. Bf4 Bf6 30. h4 Re7 31. Rxe7+ Bxe7 32. Re2 Rc4 33.
Bd2 Ra4 34. Be1 a6 35. Kg2 b5 36. Kf3 Rc4 37. Ke3 Bf6 38. Kd3 Rc6 39. Bd2 Rc8
40. Bf4 Rc6 41. a4 Rb6 42. axb5 axb5 43. Be5 Be7 44. Ra2 Ke6 45. f4 Rb7 46. Ra8
Kd5 47. Rh8 Ba3 48. Rd8+ Ke6 49. d5+ Kf7 1-0

[Event "25. Copenhagen Open  (Politiken Cup)"]
[Site "Copenhagen"]
[Date "2003.07.15"]
[Round "2"]
[White "Christensen, Jan N"]
[Black "Sandbech, Ted"]
[Result "1-0"]
[WhiteElo "2053"]
[BlackElo "1660"]
[PlyCount "40"]
[EventDate "2003.07.14"]
[EventType "swiss"]
[EventRounds "11"]
[EventCountry "DEN"]
[SourceDate "2004.01.01"]

1. e4 d5 2. exd5 Qxd5 3. Nc3 Qa5 4. d4 c6 5. Bc4 Nf6 6. Nge2 Bg4 7. O-O e6 8.
f3 Bh5 9. Ng3 Bg6 10. f4 Be7 11. f5 exf5 12. Qe2 Qd8 13. Nxf5 Bxf5 14. Rxf5 O-O
15. Qf2 Nbd7 16. Bg5 Nb6 17. Bb3 Nfd5 18. Bxe7 Nxe7 19. Bxf7+ Kh8 20. Rh5 Nd7
1-0

[Event "25. Copenhagen Open  (Politiken Cup)"]
[Site "Copenhagen"]
[Date "2003.07.15"]
[Round "2"]
[White "Christensen, Janus"]
[Black "Remman, Frank"]
[Result "1-0"]
[WhiteElo "1951"]
[BlackElo "1548"]
[PlyCount "59"]
[EventDate "2003.07.14"]
[EventType "swiss"]
[EventRounds "11"]
[EventCountry "DEN"]
[SourceDate "2004.01.01"]

1. d4 Nf6 2. c4 e6 3. Nf3 b6 4. g3 Ba6 5. Qc2 Bb4+ 6. Bd2 Bxd2+ 7. Nbxd2 O-O 8.
e4 d6 9. Bg2 Bb7 10. e5 dxe5 11. dxe5 Nfd7 12. Ng5 Qxg5 13. Bxb7 Na6 14. f4 Nb4
15. Qc3 Qe7 16. a3 Nc5 17. Bxa8 Nbd3+ 18. Ke2 Rxa8 19. b4 Rd8 20. bxc5 Nxc5 21.
Rhd1 Rf8 22. Nb3 Nxb3 23. Qxb3 f6 24. Qb5 fxe5 25. Qxe5 Rf5 26. Qd4 Rf8 27. Rd3
Qf7 28. Qe5 Qg6 29. Rad1 Qg4+ 30. Kf2 1-0

[Event "25. Copenhagen Open  (Politiken Cup)"]
[Site "Copenhagen"]
[Date "2003.07.15"]
[Round "2"]
[White "Christensen, Jens"]
[Black "Ottosen, Peder"]
[Result "1/2-1/2"]
[WhiteElo "1300"]
[BlackElo "1830"]
[PlyCount "96"]
[EventDate "2003.07.14"]
[EventType "swiss"]
[EventRounds "11"]
[EventCountry "DEN"]
[SourceDate "2004.01.01"]

1. d4 d5 2. c4 c6 3. Nc3 Nf6 4. Nf3 e6 5. e3 Nbd7 6. Bd3 dxc4 7. Bxc4 b5 8. Bd3
a6 9. a3 c5 10. dxc5 Bxc5 11. b4 Ba7 12. Bb2 Bb7 13. Rc1 O-O 14. O-O Rc8 15.
Qe2 Bxf3 16. gxf3 Ne5 17. Rfd1 Nxd3 18. Qxd3 Qe7 19. Ne4 Nd5 20. Kh1 Qh4 21.
Rxc8 Rxc8 22. Rg1 f6 23. Rg4 Qh6 24. Rg2 Qh5 25. Qd1 Qf5 26. Rg1 Bb8 27. Nc5 a5
28. Qd3 Qxd3 29. Nxd3 axb4 30. axb4 Kf7 31. Rc1 Rxc1+ 32. Bxc1 Bd6 33. Bd2 e5
34. Kg1 Ke7 35. e4 Nc7 36. Kg2 Kd7 37. Kg3 Na6 38. Kg4 Ke6 39. h4 Kf7 40. h5
Ke6 41. Kh4 Be7 42. Kg4 Nb8 43. Bc3 Nc6 44. Bd2 g6 45. hxg6 hxg6 46. Bc3 Bf8
47. f4 f5+ 48. Kf3 Bd6 1/2-1/2

[Event "25. Copenhagen Open  (Politiken Cup)"]
[Site "Copenhagen"]
[Date "2003.07.15"]
[Round "2"]
[White "Christensen, Stefan"]
[Black "Beliavsky, Alexander"]
[Result "0-1"]
[WhiteElo "2221"]
[BlackElo "2668"]
[PlyCount "54"]
[EventDate "2003.07.14"]
[EventType "swiss"]
[EventRounds "11"]
[EventCountry "DEN"]
[SourceDate "2004.01.01"]

1. e4 e5 2. Nf3 Nc6 3. Bb5 g6 4. d4 exd4 5. Nxd4 Bg7 6. Be3 Nf6 7. Nc3 O-O 8.
f3 Ne7 9. Qd2 d5 10. e5 Nd7 11. e6 Ne5 12. exf7+ Nxf7 13. Nb3 c6 14. Be2 Nf5
15. Bf2 d4 16. Nd1 b6 17. g4 Nh4 18. Nxd4 Re8 19. O-O Bxd4 20. Bxd4 Rxe2 21.
Qxe2 Qxd4+ 22. Kh1 Ne5 23. Nc3 Nhxf3 24. Ne4 Be6 25. Nf6+ Kf7 26. g5 Bc4 27.
Qf2 Bxf1 0-1

[Event "25. Copenhagen Open  (Politiken Cup)"]
[Site "Copenhagen"]
[Date "2003.07.15"]
[Round "2"]
[White "Cohen, Ronnie"]
[Black "Stam, Bart"]
[Result "1/2-1/2"]
[WhiteElo "1695"]
[BlackElo "2058"]
[PlyCount "111"]
[EventDate "2003.07.14"]
[EventType "swiss"]
[EventRounds "11"]
[EventCountry "DEN"]
[SourceDate "2004.01.01"]

1. e4 c5 2. Nc3 d6 3. g3 Nc6 4. Bg2 g6 5. Nge2 Bg7 6. d3 e6 7. O-O Nge7 8. Be3
Nd4 9. f4 O-O 10. Bf2 Nec6 11. Qd2 Nxe2+ 12. Qxe2 Nd4 13. Qd2 Qa5 14. Rad1 Bd7
15. a3 Rab8 16. Nb1 Qxd2 17. Rxd2 b5 18. c3 Nb3 19. Rdd1 a5 20. Nd2 Nxd2 21.
Rxd2 b4 22. axb4 cxb4 23. d4 bxc3 24. bxc3 Rfc8 25. Ra2 a4 26. Rc1 Rb3 27. c4
Rb4 28. Bf1 d5 29. e5 dxc4 30. Rac2 Bf8 31. Be1 c3 32. Bxc3 Rb3 33. Bb2 Rxc2
34. Rxc2 a3 35. Bc1 Rb1 36. Bc4 Ba4 37. Rc3 Bb4 38. Ba2 Bxc3 39. Bxb1 Bxd4+ 40.
Kf1 Bc5 41. Ba2 Bc6 42. Ke2 Bd5 43. Bxd5 exd5 44. Kd3 Kf8 45. h3 h5 46. g4 hxg4
47. hxg4 Ke7 48. f5 gxf5 49. gxf5 Kd7 50. Kc2 d4 51. Kb3 a2 52. Kxa2 Kc6 53.
Kb3 Kd5 54. e6 fxe6 55. fxe6 Kxe6 56. Kc4 1/2-1/2

[Event "25. Copenhagen Open  (Politiken Cup)"]
[Site "Copenhagen"]
[Date "2003.07.15"]
[Round "2"]
[White "Dalso, Harry"]
[Black "Hou, Mads"]
[Result "1-0"]
[WhiteElo "1802"]
[BlackElo "1300"]
[PlyCount "47"]
[EventDate "2003.07.14"]
[EventType "swiss"]
[EventRounds "11"]
[EventCountry "DEN"]
[SourceDate "2004.01.01"]

1. e4 c6 2. d4 d5 3. e5 Bf5 4. g4 Bg6 5. h4 h6 6. h5 Bh7 7. e6 fxe6 8. Bd3 Bxd3
9. Qxd3 Kd7 10. Nf3 Qe8 11. Ne5+ Kd8 12. Ng6 Nf6 13. Nxh8 Nxg4 14. Ng6 Qf7 15.
Qg3 Qf5 16. Nc3 Nd7 17. Qf4 Ke8 18. Bd2 Kf7 19. f3 Ngf6 20. O-O-O Kg8 21. Rdg1
Kh7 22. Ne2 Nxh5 23. Qxf5 exf5 24. Rxh5 1-0

[Event "25. Copenhagen Open  (Politiken Cup)"]
[Site "Copenhagen"]
[Date "2003.07.15"]
[Round "2"]
[White "De Andres Gonalons, Fernando"]
[Black "Fogh, Jens Olaf Svanholm"]
[Result "1-0"]
[WhiteElo "2112"]
[BlackElo "1568"]
[PlyCount "27"]
[EventDate "2003.07.14"]
[EventType "swiss"]
[EventRounds "11"]
[EventCountry "DEN"]
[SourceDate "2004.01.01"]

1. d4 d5 2. c4 e6 3. Nc3 Be7 4. Nf3 Nf6 5. Bf4 O-O 6. e3 a6 7. c5 Nbd7 8. Bd3
Re8 9. O-O c6 10. Na4 b6 11. cxb6 Nxb6 12. Ne5 Nbd7 13. Nxc6 Nc5 14. Nxd8 1-0

[Event "25. Copenhagen Open  (Politiken Cup)"]
[Site "Copenhagen"]
[Date "2003.07.15"]
[Round "2"]
[White "Eddy, Samuel"]
[Black "Eiholt, Bjarne"]
[Result "1/2-1/2"]
[WhiteElo "2055"]
[BlackElo "1690"]
[PlyCount "86"]
[EventDate "2003.07.14"]
[EventType "swiss"]
[EventRounds "11"]
[EventCountry "DEN"]
[SourceDate "2004.01.01"]

1. g3 Nf6 2. Bg2 d5 3. Nf3 Bf5 4. O-O e6 5. d3 h6 6. Nbd2 Be7 7. c3 O-O 8. Qe1
c6 9. e4 Bh7 10. Ne5 Nbd7 11. f4 Qb6+ 12. Kh1 Nxe5 13. fxe5 Nd7 14. d4 dxe4 15.
Nxe4 c5 16. Be3 cxd4 17. cxd4 Qa6 18. a3 Nb6 19. Nc5 Bxc5 20. dxc5 Nd5 21. Bg1
Bd3 22. Rf3 Bb5 23. b4 Qc6 24. Qd1 Qc7 25. a4 Bd7 26. Qe1 a6 27. Rb3 Qd8 28.
Bd4 Qe8 29. Qe2 Bxa4 30. Bxd5 exd5 31. Re3 Bb5 32. Qh5 Bc6 33. Rf1 a5 34. bxa5
Rxa5 35. Ref3 Bb5 36. R3f2 Ra6 37. Qg4 Rg6 38. Qxg6 fxg6 39. Rxf8+ Qxf8 40.
Rxf8+ Kxf8 41. Kg2 Kf7 42. Kf3 Ke6 43. Kf4 Be2 1/2-1/2